Girotondo musicale n°2 - Statistics

Statistiche generali
  • Questo quiz è stato fatto 83 volte
  • Il punteggio medio è 8 su 28
Statistiche sulle risposte
Band/Cantanti Nazioni % Corretto
Alvaro Soler Spagna
86%
U2 Irlanda
81%
Edith Piaf Francia
71%
Eagles USA
62%
Aqua Danimarca
49%
Alanis Morissette Canada
48%
Paolo Meneguzzi Svizzera
42%
Roxette Svezia
41%
Simple Minds Scozia
35%
INXS Australia
33%
Lene Marlin Norvegia
32%
Luis Miguel Messico
28%
Madness Inghilterra
27%
Demis Roussos Grecia
24%
Daddy yankee Porto rico
24%
Juanes Colombia
19%
Modern Talking Germania
19%
Emiliana Torrini Islanda
16%
Asaf Avidan Israele
16%
Perez Prado Cuba
14%
Van Morrison Irlanda del Nord
14%
Leningrad Cowboys Finlandia
13%
Scritti Politti Galles
11%
Venga Boys Olanda
11%
Opus Austria
10%
Technotronics Belgio
8%
Skatalites Giamaica
5%
King Africa Argentina
4%
Nessun quiz corrispondente trovato
Distribuzione punteggi
Percentuale di utenti per punteggio
Percentile per numero di risposta
I tuoi punteggi nel tempo
Non hai fatto questo quiz